<?xml version="1.0" encoding="UTF-8"?>
<record
    xmlns:xsi="http://www.w3.org/2001/XMLSchema-instance"
    xsi:schemaLocation="http://www.loc.gov/MARC21/slim http://www.loc.gov/standards/marcxml/schema/MARC21slim.xsd"
    xmlns="http://www.loc.gov/MARC21/slim">

  <leader>00496nam a2200181Ia 4500</leader>
  <controlfield tag="003">OSt</controlfield>
  <controlfield tag="005">20250814141627.0</controlfield>
  <controlfield tag="008">230411s9999    xx            000 0 und d</controlfield>
  <datafield tag="020" ind1=" " ind2=" ">
    <subfield code="a">978-93-90619-54-2</subfield>
  </datafield>
  <datafield tag="041" ind1=" " ind2=" ">
    <subfield code="a">eng</subfield>
  </datafield>
  <datafield tag="082" ind1=" " ind2=" ">
    <subfield code="a">SO/301/PRA/B09886</subfield>
  </datafield>
  <datafield tag="100" ind1=" " ind2=" ">
    <subfield code="a">Prakash P</subfield>
  </datafield>
  <datafield tag="245" ind1=" " ind2=" ">
    <subfield code="a">Textbook of Applied Sociology and Psychology for BSc Nursing Students</subfield>
  </datafield>
  <datafield tag="260" ind1=" " ind2=" ">
    <subfield code="b">CBS Publishers &amp; Distributors</subfield>
    <subfield code="a">New Delhi</subfield>
    <subfield code="c">2022</subfield>
  </datafield>
  <datafield tag="300" ind1=" " ind2=" ">
    <subfield code="a">544p</subfield>
  </datafield>
  <datafield tag="942" ind1=" " ind2=" ">
    <subfield code="2">ddc</subfield>
    <subfield code="c">BK</subfield>
  </datafield>
  <datafield tag="999" ind1=" " ind2=" ">
    <subfield code="c">158703</subfield>
    <subfield code="d">158703</subfield>
  </datafield>
  <datafield tag="952" ind1=" " ind2=" ">
    <subfield code="0">0</subfield>
    <subfield code="1">0</subfield>
    <subfield code="4">0</subfield>
    <subfield code="7">3</subfield>
    <subfield code="8">SO</subfield>
    <subfield code="a">BTIN</subfield>
    <subfield code="b">BTIN</subfield>
    <subfield code="d">2022-12-17</subfield>
    <subfield code="e">Patil Medical Book House</subfield>
    <subfield code="g">550.00</subfield>
    <subfield code="i">7413</subfield>
    <subfield code="o">SO 301 PRA B09886</subfield>
    <subfield code="p">BTIN-BK-9886</subfield>
    <subfield code="r">2023-04-11 00:00:00</subfield>
    <subfield code="v">363.00</subfield>
    <subfield code="w">2022-12-15</subfield>
    <subfield code="y">BK</subfield>
    <subfield code="z">B09886</subfield>
  </datafield>
  <datafield tag="952" ind1=" " ind2=" ">
    <subfield code="0">0</subfield>
    <subfield code="1">0</subfield>
    <subfield code="4">0</subfield>
    <subfield code="7">0</subfield>
    <subfield code="8">SO</subfield>
    <subfield code="a">BTIN</subfield>
    <subfield code="b">BTIN</subfield>
    <subfield code="d">2022-12-17</subfield>
    <subfield code="e">Patil Medical Book House</subfield>
    <subfield code="g">550.00</subfield>
    <subfield code="i">7413</subfield>
    <subfield code="l">8</subfield>
    <subfield code="m">1</subfield>
    <subfield code="o">SO 301 PRA B09887</subfield>
    <subfield code="p">BTIN-BK-9887</subfield>
    <subfield code="q">2026-02-12</subfield>
    <subfield code="r">2026-02-05 14:59:11</subfield>
    <subfield code="s">2026-02-05</subfield>
    <subfield code="v">363.00</subfield>
    <subfield code="w">2022-12-15</subfield>
    <subfield code="y">BK</subfield>
    <subfield code="z">B09887</subfield>
  </datafield>
  <datafield tag="952" ind1=" " ind2=" ">
    <subfield code="0">0</subfield>
    <subfield code="1">0</subfield>
    <subfield code="4">0</subfield>
    <subfield code="7">0</subfield>
    <subfield code="8">SO</subfield>
    <subfield code="a">BTIN</subfield>
    <subfield code="b">BTIN</subfield>
    <subfield code="d">2022-12-17</subfield>
    <subfield code="e">Patil Medical Book House</subfield>
    <subfield code="g">550.00</subfield>
    <subfield code="i">7413</subfield>
    <subfield code="l">14</subfield>
    <subfield code="m">3</subfield>
    <subfield code="o">SO 301 PRA B09888</subfield>
    <subfield code="p">BTIN-BK-9888</subfield>
    <subfield code="q">2026-04-07</subfield>
    <subfield code="r">2026-03-20 16:03:11</subfield>
    <subfield code="s">2026-03-20</subfield>
    <subfield code="v">363.00</subfield>
    <subfield code="w">2022-12-15</subfield>
    <subfield code="y">BK</subfield>
    <subfield code="z">B09888</subfield>
  </datafield>
  <datafield tag="952" ind1=" " ind2=" ">
    <subfield code="0">0</subfield>
    <subfield code="1">0</subfield>
    <subfield code="4">0</subfield>
    <subfield code="7">0</subfield>
    <subfield code="8">SO</subfield>
    <subfield code="a">BTIN</subfield>
    <subfield code="b">BTIN</subfield>
    <subfield code="d">2022-12-17</subfield>
    <subfield code="e">Patil Medical Book House</subfield>
    <subfield code="g">550.00</subfield>
    <subfield code="i">7413</subfield>
    <subfield code="l">14</subfield>
    <subfield code="m">6</subfield>
    <subfield code="o">SO 301 PRA B09889</subfield>
    <subfield code="p">BTIN-BK-9889</subfield>
    <subfield code="r">2026-03-20 14:05:56</subfield>
    <subfield code="s">2026-03-12</subfield>
    <subfield code="v">363.00</subfield>
    <subfield code="w">2022-12-15</subfield>
    <subfield code="y">BK</subfield>
    <subfield code="z">B09889</subfield>
  </datafield>
  <datafield tag="952" ind1=" " ind2=" ">
    <subfield code="0">0</subfield>
    <subfield code="1">0</subfield>
    <subfield code="4">0</subfield>
    <subfield code="7">0</subfield>
    <subfield code="8">SO</subfield>
    <subfield code="a">BTIN</subfield>
    <subfield code="b">BTIN</subfield>
    <subfield code="d">2022-12-17</subfield>
    <subfield code="e">Patil Medical Book House</subfield>
    <subfield code="g">550.00</subfield>
    <subfield code="i">7413</subfield>
    <subfield code="l">10</subfield>
    <subfield code="m">2</subfield>
    <subfield code="o">SO 301 PRA B09890</subfield>
    <subfield code="p">BTIN-BK-9890</subfield>
    <subfield code="q">2026-04-07</subfield>
    <subfield code="r">2026-03-21 17:15:21</subfield>
    <subfield code="s">2026-03-21</subfield>
    <subfield code="v">363.00</subfield>
    <subfield code="w">2022-12-15</subfield>
    <subfield code="y">BK</subfield>
    <subfield code="z">B09890</subfield>
  </datafield>
</record>
